| 000 | 01105nam a22002777a 4500 | ||
|---|---|---|---|
| 001 | 6963 | ||
| 003 | FISKH | ||
| 005 | 20250707111537.0 | ||
| 008 | 250612b cb ||||| |||| 00| 0 eng d | ||
| 020 | _a076645060099 | ||
| 040 |
_aFISKH _beng _cFISKH _dFISKH |
||
| 050 | _aPZ8.3 .G84 N | ||
| 082 | _a636.5 | ||
| 100 | _aGregorich, Barbara | ||
| 245 |
_aNine men chase a hen : _bA start to read ! book / |
||
| 260 |
_aMichigan : _bSchool Zone Publishing Company, _c1819. |
||
| 300 |
_a16 pages : _bcolor illustrations ; _c23 cm |
||
| 490 |
_aTeacher your child to read by Dr. James Hoffman : _vLevel 1 . |
||
| 505 | _aE | ||
| 520 | _aSchool Zone Start to Read! Books present beginning readers with a variety of captivating stories told through rhyme, rhythm, and repetition for easy reading. Each book builds children's reading vocabulary and features an exciting or amusing plot with beautiful illustrations that support and extend the text. | ||
| 521 | 8 |
_a170
_bLexile |
|
| 521 | 8 |
_aE
_bRaz-Plus |
|
| 650 |
_aLearning How to Read _vCounting |
||
| 942 |
_2ddc _cBK _n0 |
||
| 999 |
_c6963 _d6963 |
||